[Event "Euskadi-chTB"]
[Site "Euskadi"]
[Date "2001.02.10"]
[Round "9"]
[White "Albaina Alvarez, Alvaro Ignacio"]
[Black "Arauzo Sanudo, Sabino"]
[Result "1-0"]
[WhiteElo "2155"]
[BlackElo "2007"]
[PlyCount "87"]
[EventDate "2000.11.18"]
[EventType "team"]
[EventRounds "9"]
[EventCountry "ESP"]
[SourceTitle "EXT 2006"]
[Source "ChessBase"]
[SourceDate "2005.11.24"]
[SourceVersion "1"]
[SourceVersionDate "2005.11.24"]
[SourceQuality "1"]

1. e4 c6 2. d4 d5 3. Nd2 dxe4 4. Nxe4 Nd7 5. Ng5 Ndf6 6. Bc4 e6 7. N1f3 Bd6 8. Qe2 h6 9. Ne4 Nxe4 10. Qxe4 Nf6 11. Qe2 0-0 12. Bd2 c5 13. dxc5 Bxc5 14. 0-0-0 Qc7 15. Ne5 a6 16. g4 b5 17. Bd3 Bb7 18. Rhg1 Bd6 19. f4 Rfc8 20. h4 Bd5 21. g5 hxg5 22. hxg5 Ne8 23. Qh2 b4 24. Qh7+ Kf8 25. Qh8+ Ke7 26. Qg8 Bxe5 27. fxe5 a5 28. Rgf1 Qc6 29. Rxf7+ Kd8 30. g6 Rc7 31. Bg5+ Kc8 32. Rxc7+ Kxc7 33. Rf1 Rc8 34. Qf7+ Kb8 35. Be3 Rc7 36. Qf8 Bxa2 37. Rf7 Rc8 38. Qe7 Nc7 39. Qd6 Qxd6 40. exd6 Nd5 41. d7 Rd8 42. Bg5 Nf6 43. Bxf6 gxf6 44. b3 1-0

[Event "Euskadi-chTB"]
[Site "Euskadi"]
[Date "2001.01.20"]
[Round "6"]
[White "Arauzo Sanudo, Sabino"]
[Black "Sola Arrondo, Alfredo"]
[Result "0-1"]
[WhiteElo "2007"]
[BlackElo "1840"]
[PlyCount "70"]
[EventDate "2000.11.18"]
[EventType "team"]
[EventRounds "9"]
[EventCountry "ESP"]
[SourceTitle "EXT 2006"]
[Source "ChessBase"]
[SourceDate "2005.11.24"]
[SourceVersion "1"]
[SourceVersionDate "2005.11.24"]
[SourceQuality "1"]

1. d4 Nf6 2. c4 g6 3. Nc3 d5 4. cxd5 Nxd5 5. e4 Nxc3 6. bxc3 Bg7 7. Be3 c5 8. Qd2 Qa5 9. Rb1 0-0 10. Rb5 Qa3 11. Rxc5 a6 12. Bc4 Nd7 13. Rg5 Rd8 14. Ne2 Nf6 15. f3 b5 16. Bb3 a5 17. Rxb5 Ba6 18. Rb6 Nd7 19. Rc6 Bb5 20. Rc7 Qd6 21. Rxd7 Bxd7 22. 0-0 Qa3 23. f4 a4 24. Bc4 Rab8 25. f5 Bb5 26. Bd5 Rf8 27. c4 Bd7 28. Nf4 e6 29. Nh5 exd5 30. Nxg7 Rb2 31. Qc1 Qxa2 32. Bf2 Rfb8 33. fxg6 fxg6 34. Nh5 Rb1 35. Qh6 Rxf1+ 0-1

[Event "Euskadi-chTB"]
[Site "Euskadi"]
[Date "2001.01.13"]
[Round "5"]
[White "Garcia Moreno, Jose Alfredo"]
[Black "Arauzo Sanudo, Sabino"]
[Result "1-0"]
[WhiteElo "2042"]
[BlackElo "2007"]
[PlyCount "67"]
[EventDate "2000.11.18"]
[EventType "team"]
[EventRounds "9"]
[EventCountry "ESP"]
[SourceTitle "EXT 2006"]
[Source "ChessBase"]
[SourceDate "2005.11.24"]
[SourceVersion "1"]
[SourceVersionDate "2005.11.24"]
[SourceQuality "1"]

1. d4 f5 2. Nf3 Nf6 3. Nc3 d5 4. Bf4 e6 5. e3 Be7 6. Be2 0-0 7. h4 c5 8. Qd3 Ne4 9. Ng5 c4 10. Qd1 Nxg5 11. hxg5 Bxg5 12. g3 Nc6 13. Bf1 Bd7 14. Qh5 h6 15. Be2 a6 16. Bf3 Be8 17. Qh2 b5 18. a3 Bxf4 19. gxf4 b4 20. axb4 Nxb4 21. Kd2 a5 22. Rhg1 Ra7 23. Qxh6 Qf6 24. Qh2 g6 25. Rh1 Rff7 26. Qg2 Rg7 27. Rh6 Rh7 28. Rxh7 Kxh7 29. Rh1+ Kg8 30. Qh2 a4 31. Qh6 a3 32. bxa3 Rxa3 33. Qh7+ Kf8 34. Qc7 1-0